000 00283nam a22001337a 4500
003 SGT
020 _a978-19-2579-131-0
082 _a910
_bMAN
100 _aMANFICLD, CHRISTINE
245 _aTASTING INDIA
260 _aLONDON
_bSIMON
_c2018
300 _a399
942 _2ddc
_cBK
_03
999 _c21214
_d21214